00509nam a2200133Ia 4500008004100000082001500041100003900056245017000095260003900265300001500304520001000319650002800329700001800357230907s9999||||xx |||||||||||||| ||und|| a333.9bAMN aAmna Meer (NUST201361515MCES64113) 0aEthanol production from local biomass (rice husk) using yeast and zymmomonas mobilis, its optimization using TiO2 and characterization using HPLC and FTIR analysis / aUSPCAS-E, NUST,bIslamabad :c2015 aix, 119 p. aTH-30 aMS-ESE Thesis MS Thesis aDr. Ehsan Ali